Statistics for Countries of the World By 1st Two Letters (MAP)

Click here to take the quiz!

General Stats

  • This quiz has been taken 422 times
  • The average score is 175 of 196

Answers on the Map

Answers color-coded by a green-red scale on the quiz's map according to % correct below.
 

Answer Stats

Country% Correct
Australia
97%
Austria
97%
Cambodia
97%
Cameroon
97%
Canada
97%
Cape Verde
97%
Chad
97%
Chile
97%
China
97%
Moldova
97%
Monaco
97%
Mongolia
97%
Montenegro
97%
Morocco
97%
Mozambique
97%
Russia
97%
United Kingdom
97%
Eswatini
96%
India
96%
Indonesia
96%
Netherlands
96%
North Korea
96%
North Macedonia
96%
Norway
96%
Solomon Islands
96%
Somalia
96%
South Africa
96%
South Korea
96%
South Sudan
96%
United States
96%
Argentina
95%
Armenia
95%
Bahamas
95%
Bahrain
95%
Bangladesh
95%
Barbados
95%
Belarus
95%
Belgium
95%
Belize
95%
Benin
95%
Brazil
95%
Brunei
95%
Denmark
95%
France
95%
Jamaica
95%
Japan
95%
Madagascar
95%
Malawi
95%
Malaysia
95%
Maldives
95%
Mali
95%
Malta
95%
Marshall Islands
95%
Mauritania
95%
Mauritius
95%
Nepal
95%
New Zealand
95%
Pakistan
95%
Palau
95%
Panama
95%
Papua New Guinea
95%
Paraguay
95%
Saint Kitts and Nevis
95%
Saint Lucia
95%
Saint Vincent and the
Grenadines
95%
Sweden
95%
Switzerland
95%
United Arab Emirates
95%
Bolivia
94%
Bosnia and
Herzegovina
94%
Botswana
94%
Fiji
94%
Finland
94%
Georgia
94%
Germany
94%
Iran
94%
Iraq
94%
Ireland
94%
Mexico
94%
Myanmar
94%
Poland
94%
Portugal
94%
Samoa
94%
San Marino
94%
São Tomé and Príncipe
94%
Saudi Arabia
94%
Spain
94%
Tunisia
94%
Turkey
94%
Turkmenistan
94%
Tuvalu
94%
Democratic Republic
of the Congo
93%
Egypt
93%
Liberia
93%
Libya
93%
Liechtenstein
93%
Lithuania
93%
Nicaragua
93%
Niger
93%
Nigeria
93%
Albania
92%
Algeria
92%
Colombia
92%
Comoros
92%
Costa Rica
92%
Italy
92%
Ivory Coast
92%
Republic of the Congo
92%
Sudan
92%
Suriname
92%
Bulgaria
91%
Burkina Faso
91%
Burundi
91%
Greece
91%
Grenada
91%
Iceland
91%
Laos
91%
Latvia
91%
Peru
91%
Vietnam
91%
Guatemala
90%
Guinea
90%
Guinea-Bissau
90%
Guyana
90%
Sri Lanka
90%
Taiwan
90%
Tajikistan
90%
Tanzania
90%
Kazakhstan
89%
Senegal
89%
Serbia
89%
Seychelles
89%
Afghanistan
88%
Antigua and Barbuda
88%
Cuba
88%
Romania
88%
Ukraine
88%
Yemen
88%
Andorra
87%
Angola
87%
Venezuela
87%
Estonia
86%
Honduras
86%
Oman
86%
Thailand
86%
Ecuador
84%
Ethiopia
84%
Hungary
84%
Kyrgyzstan
84%
Namibia
84%
Nauru
84%
Philippines
84%
Slovakia
84%
Slovenia
84%
Bhutan
83%
Togo
83%
Tonga
83%
Uruguay
83%
Czech Republic
82%
Eritrea
82%
Lebanon
82%
Lesotho
82%
Vanuatu
82%
Vatican City
82%
Zambia
82%
Azerbaijan
81%
Croatia
81%
Ghana
81%
Uzbekistan
81%
Zimbabwe
81%
Central African Republic
80%
Jordan
80%
Syria
80%
Dominica
79%
Dominican Republic
79%
Haiti
79%
Kenya
79%
Gabon
78%
Gambia
78%
Israel
78%
Sierra Leone
78%
Singapore
78%
Djibouti
77%
Kosovo
77%
Rwanda
77%
El Salvador
75%
Federated States of
Micronesia
74%
Kuwait
73%
Qatar
72%
Uganda
71%
Cyprus
69%
Kiribati
69%
East Timor
67%
Equatorial Guinea
67%
Luxembourg
65%
Trinidad and Tobago
60%

Score Distribution

Percentile by Number Answered

Percent of People with Each Score

Your Score History

You have not taken this quiz